000 01018nac a22002891u 4500
003 EG-ScBUE
005 20221214130123.0
008 221214s2000 enkab f b 000 0 eng d
020 _a0500019991
020 _a9780500019993
040 _aEG-ScBUE
_beng
_erda
_cEG-ScBUE
_dEG-ScBUE
082 0 4 _a728.0975
_bRAM
_222
100 1 _aRamsey, Bonnieā€
_q(Bonnie Nichols)
_eauthor.
245 1 0 _aOld houses of the American South /
_cBonnie Ramsey ; preface by Lisa Newsom ; original photographs by Dennis O'Kain.
264 1 _aLondon :
_bThames & Hudson,
_c2000.
300 _a208 pages :
_billustrations, maps ;
_c35 cm
336 _2rdacontent
_atext
_btxt
337 _2rdamedia
_aunmediated
_bn
338 _2rdacarrier
_avolume
_bnc
504 _aIncludes bibliographical references.
650 7 _aArchitecture, Domestic
_zSouthern States.
_2BUEsh
653 _bENGARC
655 _vReading book
700 1 _aO'Kain, Dennis,
_ephotographer.
700 1 _aNewsom, Lisa,
_econtributor.
942 _cBB
_2ddc
999 _c3145
_d3145